000 00673nam a2200253Ia 4500
005 20260306153825.0
008 008 260114s9999 xx 000 0 eng d
020 _a9788323380665
037 _aEBOOK
040 _aCRL
040 _beng
040 _cCRL
041 _2eng
041 _aeng
084 _qCRL
100 _aEnderle-Burcel/Franaszek/Stiefel/Teichova
_91126304
245 0 _aGaps in the Iron Curtain 1st ed
260 _bJagiellonian University Press
260 _c2014
650 _aPolitical Science
856 _uhttps://www.cambridge.org/core/product/identifier/9788323380665/type/BOOK
942 _cEBOOK
999 _c1705044
_d1705044